[Event "FRA-ch op-D"]
[Site "Pau"]
[Date "2008.08.12"]
[Round "1"]
[White "Juffin, Dominique"]
[Black "Doucet, Claude"]
[Result "1-0"]
[WhiteElo "1499"]
[BlackElo "1370"]
[PlyCount "61"]
[EventDate "2008.08.11"]
[EventType "swiss"]
[EventRounds "9"]
[EventCountry "FRA"]
[SourceTitle "CBM 126 Extra"]
[Source "ChessBase"]
[SourceDate "2008.11.05"]
[SourceVersion "1"]
[SourceVersionDate "2008.11.05"]
[SourceQuality "1"]

1. d4 Nf6 2. Nf3 e6 3. e3 d5 4. Bd3 c5 5. c3 Nc6 6. Nbd2 a6 7. 0-0 c4 8. Bc2 Bd6 9. Re1 0-0 10. e4 Be7 11. e5 Ne8 12. Nf1 f6 13. exf6 Nxf6 14. Bg5 Nd7 15. Bxe7 Qxe7 16. Qb1 g6 17. Bxg6 hxg6 18. Qxg6+ Qg7 19. Qxe6+ Qf7 20. Qg4+ Qg7 21. Qh5 Nf6 22. Qh4 Ne4 23. Ng3 Bf5 24. Nxf5 Rxf5 25. Re3 Raf8 26. Kh1 Rf4 27. Qh5 Nxf2+ 28. Kg1 Ne4 29. Qxd5+ Kh7 30. Rxe4 Rxf3 31. Rh4+ 1-0